Estudios de transportes y comunicaciones (Registro nro. 25539)
[ vista simple ]
| 000 -CABECERA | |
|---|---|
| Longitud fija campo de control | 01578nas a2200397 c 4500 |
| 001 - NÚMERO DE CONTROL | |
| Número de control | 25539 |
| 003 - IDENTIFICADOR DE NÚMERO DE CONTROL | |
| Identificador del número de control | ES-MaCES |
| 005 - FECHA Y HORA DE LA ÚLTIMA TRANSACCIÓN | |
| Fecha y hora de la última transacción | 20170516135457.0 |
| 008 - CAMPO FIJO DE DESCRIPCIÓN FIJA--INFORMACIÓN GENERAL | |
| Códigos de información de longitud fija | 960802d1982 sp q| | 0spa d |
| 022 1# - ISSN (INTERNATIONAL STANDARD SERIAL NUMBER) | |
| Número Internacional Normalizado para Publicaciones Seriadas | 1133-2832 |
| 035 ## - NÚMERO DE CONTROL DEL SISTEMA | |
| Número de control del sistema | CES19980005207p |
| Número de control cancelado;no válido | 10534 |
| 040 ## - FUENTE DE CATALOGACIÓN | |
| Centro catalogador de origen | ES-MaCES |
| Lengua de catalogación | spa |
| Centro transcriptor | ES-MaCES |
| 245 00 - MENCIÓN DE TÍTULO | |
| Título | Estudios de transportes y comunicaciones |
| 260 ## - PUBLICACIÓN, DISTRIBUCIÓN, ETC (PIE DE IMPRENTA) | |
| Lugar de publicación, distribución, etc. | Madrid (Paseo de la Castellana, 67, 28071) |
| Nombre del editor, distribuidor, etc. | Ministerio de Obras Públicas, Transportes y Medio Ambiente, Centro de Publicaciones |
| Fecha de publicación, distribución, etc. | [ca. 1982]- |
| 300 ## - DESCRIPCIÓN FÍSICA | |
| Extensión | v. |
| Otras características físicas | gráf., map. col. |
| Dimensiones | 27 cm |
| 310 ## - PERIODICIDAD ACTUAL DE LA PUBLICACIÓN | |
| Periodicidad actual | Trimestral |
| 500 ## - NOTA GENERAL | |
| Nota general | Descripción basada en: n. 65 (oct.-dic. 1994) |
| 500 ## - NOTA GENERAL | |
| Nota general | Posteriormente v.a., Ministerio de Fomento |
| 500 ## - NOTA GENERAL | |
| Nota general | En la port.: Ministerio de Obras Públicas, Transportesy Medio Ambiente, Instituto de Estudios del Transportey las Comunicaciones |
| 541 ## - NOTA DE LA FUENTE INMEDIANTE DE ADQUISICIÓN | |
| Forma de adquisición | Gratuito |
| 650 #4 - ASIENTO SECUNDARIO DE MATERIA--TÉRMINO DE MATERIA | |
| Término de materia o nombre geográfico como elemento inicial | internacional |
| 9 (RLIN) | 26674 |
| 650 #4 - ASIENTO SECUNDARIO DE MATERIA--TÉRMINO DE MATERIA | |
| Término de materia o nombre geográfico como elemento inicial | España |
| 9 (RLIN) | 26964 |
| 650 #4 - ASIENTO SECUNDARIO DE MATERIA--TÉRMINO DE MATERIA | |
| Término de materia o nombre geográfico como elemento inicial | política de las telecomunicaciones |
| 9 (RLIN) | 30438 |
| 650 #4 - ASIENTO SECUNDARIO DE MATERIA--TÉRMINO DE MATERIA | |
| Término de materia o nombre geográfico como elemento inicial | telecomunicaciones |
| 9 (RLIN) | 27884 |
| 650 #4 - ASIENTO SECUNDARIO DE MATERIA--TÉRMINO DE MATERIA | |
| Término de materia o nombre geográfico como elemento inicial | política del transporte |
| 9 (RLIN) | 28018 |
| 650 #4 - ASIENTO SECUNDARIO DE MATERIA--TÉRMINO DE MATERIA | |
| Término de materia o nombre geográfico como elemento inicial | transportes |
| 9 (RLIN) | 28016 |
| 653 10 - TÉRMINO DE INDEXACIÓN--NO CONTROLADO | |
| Término no controlado | Políticas sectoriales |
| 710 2# - ENCABEZAMIENTO SECUNDARIO--NOMBRE CORPORATIVO | |
| Nombre de entidad o nombre de jurisdicción como elemento inicial | Instituto de Estudios del Transporte y las Comunicaciones (España) |
| 9 (RLIN) | 4154 |
| 710 1# - ENCABEZAMIENTO SECUNDARIO--NOMBRE CORPORATIVO | |
| Nombre de entidad o nombre de jurisdicción como elemento inicial | España |
| Unidad subordinada | Ministerio de Fomento |
| Término indicativo de función | ed. |
| 9 (RLIN) | 3244 |
| 785 00 - ENTRADA POSTERIOR | |
| Título | Estudios de construcción y transportes |
| Número de control del registro relacionado | (ES-MaCES)25738 |
| 866 #0 - FUENTES TEXTUALES--UNIDAD BIBLIOGRÁFICA BÁSICA | |
| Holdings textuales | (1994-1996). |
| Nota pública | Ubicación: DEPÓSITO - 10534 |
| 905 ## - CES. DATOS REVISTA | |
| Boletín de sumarios (Sirtex 591$a) | Boletín C |
| Proceso | + |
| 942 ## - ELEMENTOS KOHA | |
| Fuente de clasificaión o esquema | Clasificación propia del CES |
| Koha [por defecto] tipo de item | Periódicas |
| Parte de clasificación | Políticas Sectoriales |
| Serie de enumeración ; cronología | Número de registro | Préstamos totales | Tipo de item de Koha |
|---|---|---|---|
| N. 65 (oct.-dic. 1994) | 015572 | Periódicas | |
| Sep. al n. 65 (oct.-dic. 1994) | 015573 | Periódicas | |
| N. 66 (ene.-mar. 1995) | 015574 | Periódicas | |
| N. 72 (jul.-sep. 1996) | 023883 | Periódicas |
